| 000 | 00497nam a2200181 4500 | ||
|---|---|---|---|
| 005 | 20260113142830.0 | ||
| 008 | 260112b |||||||| |||| 00| 0 eng d | ||
| 020 | _a9789356991460 | ||
| 041 | _aEnglish | ||
| 082 |
_bHAL _a332.6 |
||
| 100 |
_aHalan Monika _9216315 |
||
| 245 | _aLet's Talk Mutual Funds: A Systematic, Smart Way to Make Them Work for You | ||
| 260 |
_aIndia _bHarper Business _c2023 |
||
| 300 | _a309 | ||
| 365 |
_b399.00 _cRs.00 |
||
| 650 |
_aInvestment _9216330 |
||
| 942 | _cDB | ||
| 999 |
_c369854 _d369854 |
||